Eesti Pank/Bank of Estonia : statistical datasheets.
| Format: | Book |
|---|---|
| Published: |
[s.l]:
Bank of Estonia Information Service,
1996.
|
| Subjects: |
| LEADER | 00497cam a2200157 7i4500 | ||
|---|---|---|---|
| 001 | 0000005670 | ||
| 005 | 19991025090000.0 | ||
| 002 | ##000007311 | ||
| 020 | 0 | 0 | |a T000005692 |
| 090 | 0 | 0 | |a STAT 310.9 |b EES (ESTO) |
| 245 | 0 | 0 | |a Eesti Pank/Bank of Estonia : |b statistical datasheets. |
| 260 | 0 | 0 | |a [s.l]: |b Bank of Estonia Information Service, |c 1996. |
| 300 | 0 | 0 | |a 33 p.. |
| 650 | 0 | 0 | |a Banks and banking -- |x Statistics -- |z Estonia |
| 651 | 0 | 0 | |a Estonia |
| 999 | |a 0000007755 |b Book |c Open shelf |e Business Information Centre | ||